LEADER 05290oam 2200637I 450 001 9910452806703321 005 20200520144314.0 010 $a0-203-12535-5 010 $a1-136-44983-3 010 $a1-136-44984-1 024 7 $a10.4324/9780203125359 035 $a(CKB)2550000001106071 035 $a(StDuBDS)AH24612369 035 $a(SSID)ssj0001167155 035 $a(PQKBManifestationID)11633741 035 $a(PQKBTitleCode)TC0001167155 035 $a(PQKBWorkID)11122151 035 $a(PQKB)11348356 035 $a(MiAaPQ)EBC1323297 035 $a(Au-PeEL)EBL1323297 035 $a(CaPaEBR)ebr10738011 035 $a(CaONFJC)MIL506430 035 $a(OCoLC)854977048 035 $a(OCoLC)857067703 035 $a(EXLCZ)992550000001106071 100 $a20180706d2014 uy 0 101 0 $aeng 135 $aur||||||||||| 181 $ctxt 182 $cc 183 $acr 200 00$aReligion, personality, and social behavior /$fedited by Vassilis Saroglou 210 1$aNew York :$cPsychology Press,$d2014. 215 $a1 online resource (352 pages) 300 $aBibliographic Level Mode of Issuance: Monograph 311 $a1-84872-984-7 311 $a1-299-75179-2 320 $aIncludes bibliographical references at the end of each chapters and indexes. 327 $aV. Saroglou, Studying Religion in Personality and Social Psychology. Part I: Personality, Cognition, and Emotions . M.C. Ashton, K. Lee , Personality and Religiousness. C. Sedikides, J. Gebauer , Religion and the Self. W.M., Gervais, Religious Cognition. C.T. Burris, R. Petrican , Religion, Negative Emotions, and Regulation. P . Van Cappellen, B. Rime, Positive Emotions and Self-transcendence. Part II: Social Behavior, Morality, and Intergroup Relations. J.L. Preston, E. Salomon, R.S. Ritter , Religious Prosociality: Personal, Cognitive, and Social Factors. W.C. Rowatt, T. Carpenter, M. Haggard , Religion, Prejudice and Intergroup Relations. S. Roccas, A. Elster, Values and Religiosity. Y.J. Li, A.B. Cohen , Religion, Sexuality, and Family. A. Malka , Religion and Domestic Political Attitudes around the World. R.D. Hayward, N. Krause , Religion, Mental Health, and Well-Being: Social Aspects. Part III: Religion in Context: Age, Gender, and Culture . P. Granqvist , Religion and Cognitive, Emotional, and Social Development. L.J. Francis, G. Penny , Gender Difference in Religion. K.A. Johnson, A.B. Cohen , Religious and National Cultures. Conclusion. V. Saroglou , Understanding Religion and Irreligion. 330 $bPsychological interest in religion, in terms of both theory and empirical research, has been constant since the beginning of psychology. However, since the beginning of the 21 st Century, partially due to important social and political events and developments, interest in religion within personality and social psychology has increased. This volume reviews the accumulated research and theory on the major aspects of personality and social psychology as applied to religion. It provides a high quality integrative, systematic, and rigorous review of that work, with a focus on topics that are both central in personality and social psychology and have allowed for the accumulation of solid and replicated and not impressionist knowledge on religion. The contributors are renowned researchers in the field who offer an international perspective that is both illuminating, yet neutral, with respect to religion. The volume's primary audience are academics, researchers, and advanced students in social psychology, but it will also interest those in sociology, political sciences, and anthropology. Psychological interest in religion, in terms of both theory and empirical research, has been constant since the beginning of psychology. However, since the beginning of the 21 st Century, partially due to important social and political events and developments, interest in religion within personality and social psychology has increased. This volume reviews the accumulated research and theory on the major aspects of personality and social psychology as applied to religion. It provides a high quality integrative, systematic, and rigorous review of that work, with a focus on topics that are both central in personality and social psychology and have allowed for the accumulation of solid and replicated and not impressionist knowledge on religion. The contributors are renowned researchers in the field who offer an international perspective that is both illuminating, yet neutral, with respect to religion. The volume's primary audience are academics, researchers, and advanced students in social psychology, but it will also interest those in sociology, political sciences, and anthropology. 606 $aCritical psychology 606 $aPsychology and religion 606 $aPsychology, Religious 608 $aElectronic books. 615 0$aCritical psychology. 615 0$aPsychology and religion. 615 0$aPsychology, Religious. 676 $a201.615 701 $aSaroglou$b Vassilis$0985638 801 0$bMiAaPQ 801 1$bMiAaPQ 801 2$bMiAaPQ 906 $aBOOK 912 $a9910452806703321 996 $aReligion, personality, and social behavior$92252943 997 $aUNINA LEADER 02742nam 22005053 450 001 9910158597603321 005 20240205120216.0 010 $a1-4654-6159-0 035 $a(CKB)3710000001008870 035 $a(MiAaPQ)EBC31099079 035 $a(Au-PeEL)EBL31099079 035 $a(BIP)55822239 035 $a(BIP)106408971 035 $a(OCoLC)967843436 035 $a(EXLCZ)993710000001008870 100 $a20240205d2017 uy 0 101 0 $aeng 135 $aurcnu|||||||| 181 $ctxt$2rdacontent 182 $cc$2rdamedia 183 $acr$2rdacarrier 200 10$a100 Weight Loss Bowls $eBuild Your Own Calorie-Controlled Diet Plan 205 $a1st ed. 210 1$aNew York :$cDorling Kindersley Publishing, Incorporated,$d2017. 210 4$dİ2017. 215 $a1 online resource (246 pages) 311 08$a1-4654-6397-6 311 08$a1-4654-6378-X 330 $aBowls are a delicious way to lose weight and eat healthy, but they can also be laden with hidden calories. Every recipe in 100 Weight Loss Bowls comes in at under 400, under 500, or under 600 calories. The book is clearly labeled to allow you to easily build a meal plan each day that meets your daily target for gradual and sustained weight loss. The recipes are inspired by the very latest bowl food trends, such as pho, grain, smoothie, rice, poke, acai, and Buddha bowls. They are all color-coded with calorie bands, so you can easily find a nutritious, balanced bowl that suits you. Delicious, simple, and surprisingly indulgent, every bowl in 100 Weight Loss Bowls is guaranteed to be low in calories and high in flavor. The book includes: - 100 delicious recipes and a feast of different bowl types, including pho, Buddha, poke, burrito, grain, rice, smoothie, and acai bowls. - Color-coded recipes by calorie count: either under 400 calories, under 500 calories, or under 600 calories--this makes it easy to select recipes that meet your required calorie intake for the day. - Recipes organized into quick breakfasts, relaxed brunches, portable meals, bowls to create in under 20 minutes, and "instant-assembly" bowls. - Smart tips for shopping, stocking up, prepping ahead, and building a weight-loss plan to suit any age and body type. 606 $aOne-dish meals 606 $aCooking (Natural foods) 606 $aReducing diets$vRecipes 608 $aCookbooks.$2lcgft 615 0$aOne-dish meals. 615 0$aCooking (Natural foods) 615 0$aReducing diets 676 $a641.82 700 $aWhinney$b Heather$01371216 801 0$bMiAaPQ 801 1$bMiAaPQ 801 2$bMiAaPQ 906 $aBOOK 912 $a9910158597603321 996 $a100 weight loss bowls$93400103 997 $aUNINA